000
00206nam a2200097Ia 4500
008
170619s9999 xx 000 0 und d
100
_a
LIPSCHUTZ- S.
245
0
_a
DATA STRUCTURES
260
_b
TMH
260
_c
2008
546
_a
ENGLISH
999
_c
18753
_d
18753